Zwischen Plan und Markt <Die> suche nach einer humanen Wirtschaft

Enregistré dans:
Détails bibliographiques
Auteur principal: Osers, Jan
Format: Livre
Langue:allemand
Publié: Hamburg Weltarchiv 1990
Édition:1. Aufl.
Tags: Ajouter un tag
Pas de tags, Soyez le premier à ajouter un tag!

MARC

LEADER 00000nam a2200000 4500
001 c029722
005 20221215125035.7
041 0 |a ger 
044 |a DE 
245 1 0 |a Zwischen Plan und Markt  |b <Die> suche nach einer humanen Wirtschaft  |c Jan Osers 
250 |a 1. Aufl. 
264 1 |a Hamburg  |b Weltarchiv  |c 1990 
300 |a 209 s. 
100 1 |a Osers, Jan